01786nam a2200385 4500003000900000005001700009008004100026017001200067020001500079040004600094041000800140082002700148092000700175099004200182100006800224245015300292250003000445264006600475300003100541336002200572337002400594338003300618500005100651504010800702546011600810650005000926650002800976650004301004651001001047856005701057905001601114942001901130999001701149952023401166EG-GICUC20260121101442.0251208s1995 ua ||||fr|||| 00| 0 ara d a9599201 a977041526x a EG-GICUCbarac EG-GICUCd EG-GICUCerda aara04221a341.85bع ب . ق04221 aLaw1 12 341.85 ع ب . ق 1 ed - 19950 aعبد الحكيم مصطفى عبد الرحمنeمؤلف.10aقانون البيع الدولي للبضائع واثره في قواعد الاسناد /cعبد الحكيم مصطفى عبد الرحمن. aالطبعة الاولى 1aالقاهرة :bدار النهضة العربية،c1995. a108 صفحة ؛c24 سم. 2rda contentatext 2rda mediaaComputer 2rda carrieraOnline Resource aاهداء مكتبة ا.د. صلاح عامر aيحتوي على ارجاعات ببليوجرافية يحتوي على قائمة بالمراجع aالنص أغلبه باللغة العربية بعض النصوص الإنجليزية والفرنسية14aالقانون الدولى الخاص2qrmak14aالبيع الدولي14aعقود التجارة الدولية1 2qrmak40uhttps://fll.law.cu.edu.eg/fulltext/bks/B12-01606.pdf a75eHassnaa 2ddcn0cBKe21 c49152d49152 00102ddc40718القانون الدولي الخاصaCUbLAW1d2025-12-08eاهداء مكتبة ا.د. صلاح عامرl0oLaw1 12 341.85 ع ب . ق 1 ed - 1995 1201606 C1pB12-01606r2025-12-08 13:01:44t1w2025-12-08yBK